| 000 | 01001nab a22002177a 4500 | ||
|---|---|---|---|
| 999 |
_c5713 _d5713 |
||
| 003 | OSt | ||
| 005 | 20251230235243.0 | ||
| 008 | 190605e xxu||||| |||| 00| 0 spa d | ||
| 040 | _cPJ | ||
| 100 |
_95129 _aSfeir, Santiago L. |
||
| 245 | 1 | 3 |
_aLa facultad de control médico del art. 210 LCT y las dificultades a la hora de su aplicación / _cSantiago L. Sfeir. |
| 260 |
_aCiudad Autónoma de Buenos Aires : _bThomson Reuters La Ley, _c2024. |
||
| 300 | _ap. 81-84 | ||
| 500 | _aCita: TR LALEY AR/DOC/2040/2024 | ||
| 505 | _aSumario: I. Introducción.— II. La figura del control médico y las potestades de las partes.— III. Palabras finales. | ||
| 505 | _t¿Te interesa el texto completo? Solicitalo al correo: koha@justierradelfuego.gov.ar | ||
| 650 | 0 |
_91316 _aDERECHO LABORAL |
|
| 650 | 0 |
_91391 _aREFORMA LABORAL |
|
| 773 | 0 |
_02711 _93168 _dCiudad Autónoma de Buenos Aires : Thomson Reuters La Ley, 1999-2002. _tRevista de derecho del trabajo. Nº 5 - Septiembre 2024 |
|
| 942 |
_2udc _cANA |
||